LEADER 01530nam a2200361 a 4500 001 000000133414 003 CaOOAMICUS 005 20130408135709.0 008 130408s2012 it u000 u ita r 020 $a978-88-7615-803-2 040 $aPUL$bita 082 04$a230.092 100 0 $aTheresia Benedicta a Cruce,$cs.,$d1891-1942.$0(OLS)http://pul/name/8163 245 10$aVado per il mio popolo /$cEdith Stein ; a cura di Angela Ales Bello. 260 $aRoma :$bCastelvecchi,$c2012. 300 $a91 p. ;$c18 cm. 490 1 $aEtcetera 504 $aInclude riferimenti bibliografici. 600 04$aTheresia Benedicta a Cruce,$cs.,$d1891-1942$xBiografia.$0(OLS)http://pul/subject/21763 700 1 $aAles Bello, Angela,$d1939-$0(OLS)http://pul/name/22845 830 0$aEtcetera.$0(OLS)http://pul/title/166559 850 $aPUL 852 $aPUL$W1$xDP2 Religione 3$y114$m230. 092 STEED 1$j153326$qDDC 21$B152885$CPULBib$Z2$F152885 $H122102 $82 900 $aStein, Edith, $csuora,$d1891-1942$98163 900 $aEdith Stein,$cs.,$d1891-1942 $98163 900 $aTeresa Benedetta della Croce.$cs.,$d1891-1942$98163 900 $aTeresia Benedicta a Cruce,$cs.,$d1891-1942?$98163 941 1 $a9 996 $6020$a978-88-7615-803-2$9(OLS)http://pul/number/152301 996 $6082$a230.092$9(OLS)http://pul/classification/553 996 $6245$aVado per il mio popolo$9(OLS)http://pul/title/168594 996 $6260$aRoma :$bCastelvecchi$9(OLS)http://pul/publisher/80087 LEADER 01239nam a2200313 a 4500 001 000000167565 003 CaOOAMICUS 005 20180508093720.0 008 180508s2000 it u000 u ita r 020 $a88-384-4761-6* 032 $aLibriCat 040 $aPUL$bita 100 1 $aMartini, Carlo Maria,$ccardinale, arcivescovo di Milano,$d1927-2012.$0(OLS)http://pul/name/6653 245 13$aIl Dio vivente : $briflessioni sul profeta Elia / $cCarlo Maria Martini. 250 $a4. ed. 260 $aCasale Monferrato :$bPiemme,$c2000. 300 $a176 p. ;$c22 cm. 490 1 $aReligione 650 4$aProfeti.$0(OLS)http://pul/subject/10036 650 4$aDio.$0(OLS)http://pul/subject/3878 830 0$aReligione (Piemme).$0(OLS)http://pul/title/58060 850 $aPUL 852 $aPUL$W1$xDP1 Fondo Dalla Palma$y117$m3 C 20$j41165$qFondi$B195206$CPULBib$Z2$F195206 $HDal2116 $81 941 1 $a1 983 0$aPiemme Religione. 996 $6020$a88-384-4761-6*$9(OLS)http://pul/number/163965 996 $6245$aIl Dio vivente : $briflessioni sul profeta Elia / $9(OLS)http://pul/title/207617 996 $6260$aCasale Monferrato :$bPiemme$9(OLS)http://pul/publisher/51813